000 00996nam a2200229Ia 4500
001 L265-21359
003 IT-CnALBA
008 170116s9999||||xx |||||||||||||| ||und||
040 _aIT-CnALBA
_cIT-CnALBA
041 _aITALIANO
100 _aYARNOLD EDWARD, SJ.
245 0 _aRITO DEL BATTESIMO COMMENTATO.
250 _a1a ed.
260 _aCINISELLO BALSAMO (MI)
_bEDIZIONI PAOLINE
_c1972 [1° Ed.:1972 - Ed.Ling.Originale: 1972]
300 _a63 p.
500 _aRITO PER DIVERSI BAAMBINI. TRADUZIONE DALL'INGLESE. RITO DI ACCOGLIENZA. LITURGIA DELLA PAROLA. CONFERIMENTO DEL SACRAMENTO. BATTESIMO. RITI DI CONCLUSIONE.
501 _aSocietà San Paolo EM - Piazza San Paolo, 14 - 12051 ALBA (CN) (non commercial uses only) ® Copyright 2017
520 _aRITO PER DIVERSI BAAMBINI. TRADUZIONE DALL'INGLESE. RITO DI ACCOGLIENZA. LITURGIA DELLA PAROLA. CONFERIMENTO DEL SACRAMENTO. BATTESIMO. RITI DI CONCLUSIONE.
650 _aSACRAMENTI
942 _cBK
957 _71
999 _a26099
_bNO
_g Copie: 1
_c280462
_d280462